000 00648nam a2200205 i 4500
001 37727
003 ES-MaACL
005 20230906155631.0
007 t|
008 030221s1956 sp ||||1| spa d
100 1 _aCaballero Calderón, Eduardo.
_933100
245 1 0 _aSuramérica, tierra del hombre /
_cEduardo Caballero Calderón.
250 _a2ª ed.
260 _aMadrid :
_bGuadarrama,
_c1956 (
_fCastilla)
300 _a312 p., 15 lám. ;
_c24 cm.
490 1 _aColección Del Pirineo a los Andes ;
_v2
830 0 _aColección Del Pirineo a los Andes ;
_v2
_9229654
852 _aES-MaACL
_jC-10889
_bR.38741
999 _c37727
_d37727